Southville International School and Colleges
Your cart is empty.
  • Cart
  • Lists
    Public lists Eva Luna New books Lux_list list_1
    Your lists Log in to create your own lists
  • Log in to your account
  • Your cookies
  • Search history
Southville International School and Colleges
  • Advanced search
  • Recent comments
  • Most popular
  • Libraries

Log in to your account

Log in with GOOGLE


If you do not have an external account, but do have a local account, you can still log in:

  1. Home
  2. MARC view: The ABCs of breastfeeding :
Normal view MARC view ISBD view

The ABCs of breastfeeding : (Record no. 14075)

[ view plain ]
MARC details
000 -LEADER
fixed length control field 00514nam a22001697a 4500
003 - CONTROL NUMBER IDENTIFIER
control field OSt
005 - DATE AND TIME OF LATEST TRANSACTION
control field 20140310182526.0
008 - FIXED-LENGTH DATA ELEMENTS--GENERAL INFORMATION
fixed length control field 130222t xxu||||| |||| 00| 0 eng d
020 ## - INTERNATIONAL STANDARD BOOK NUMBER
International Standard Book Number 9780814480571
050 ## - LIBRARY OF CONGRESS CALL NUMBER
Classification number RJ 216
Item number .R835 2008
100 ## - MAIN ENTRY--PERSONAL NAME
Personal name Rubin, Stacey H.
9 (RLIN) 9535
245 ## - TITLE STATEMENT
Title The ABCs of breastfeeding :
Statement of responsibility, etc Stacey H. Rubin
Remainder of title everything a mom needs to know for a happy nursing experience /
260 ## - PUBLICATION, DISTRIBUTION, ETC. (IMPRINT)
Place of publication, distribution, etc New York :
Name of publisher, distributor, etc AMACOM,
Date of publication, distribution, etc c2008.
300 ## - PHYSICAL DESCRIPTION
Extent 272 p. :
Dimensions 23 cm.
942 ## - ADDED ENTRY ELEMENTS (KOHA)
Source of classification or shelving scheme Library of Congress Classification
Koha item type
Holdings
Withdrawn status Lost status Source of classification or shelving scheme Damaged status Home library Current library Shelving location Date acquired Total Checkouts Full call number Barcode Date last seen Copy number Price effective from Koha item type
    Library of Congress Classification   South SEED-LPDH College Library South SEED-LPDH College Library South SEED-LPDH College Section 08/12/2013   RJ 216 .R835 2008 SSLC0304 05/15/2018 1 08/12/2013 Books

The ABCs of breastfeeding :

APA

Rubin S. H., . (2008). The ABCs of breastfeeding. New York: AMACOM.

Chicago

Rubin Stacey H, . 2008. The ABCs of breastfeeding. New York: AMACOM.

Harvard

Rubin S. H., . (2008). The ABCs of breastfeeding. New York: AMACOM.

MLA

Rubin Stacey H, . The ABCs of breastfeeding. New York: AMACOM. 2008.

  • Place hold
  • Print
  • Cite
  • Add to your cart (remove)
  • Save record
    BIBTEX Dublin Core MARCXML MARC (non-Unicode/MARC-8) MARC (Unicode/UTF-8) MARC (Unicode/UTF-8, Standard) MODS (XML) RIS
  • More searches
    Search for this title in:
    Other Libraries (WorldCat) Other Databases (Google Scholar) Online Stores (Bookfinder.com) Open Library (openlibrary.org)

Exporting to Dublin Core...

SOUTHVILLE LIBRARY

Southville International School and Colleges Library

1281 Tropical Ave. Cor. Luxembourg St., BF Homes International, Las Pinas City

Tel. No. 8256374 / 252358 Loc. 117/146

Powered by Koha